000 01281cam a2200337 a 4500
001 2764
003 FISKH
005 20240112140650.0
008 000301s1971 nyua c 000 1 eng
010 _a 00265370
020 _a0064400042 (pbk.)
040 _aDLC
_cDLC
_dDLC
_beng
042 _alcac
050 0 0 _aPZ7.W6461
_bOn 1971
082 0 0 _a[Fic]
_221
100 1 _aWilder, Laura Ingalls,
_d1867-1957.
245 1 0 _aOn the banks of Plum Creek /
_cby Laura Ingalls Wilder ; illustrated by Garth Williams.
250 _aFirst Harper Trophy Book printing, 1971
260 _aNew York :
_bHarper Trophy,
_c1937
300 _a339 pages :
_billustrations ;
_c20 cm
520 _aLaura and her family move to Minnesota where they live in a dugout until a new house is built and face misfortunes caused by flood, blizzard, and grasshoppers.
586 _aNewbery Honor Book, 1938.
600 1 0 _aWilder, Laura Ingalls,
_d1867-1957
_vJuvenile fiction.
600 1 1 _aWilder, Laura Ingalls,
_d1867-1957
_vFiction.
650 1 _aFrontier and pioneer life
_zMinnesota
_vFiction.
650 1 _aFamily life
_zMinnesota
_vFiction.
651 1 _aMinnesota
_vFiction.
700 1 _aWilliams, Garth,
_eill.
906 _a7
_bcbc
_corigcop
_d2
_encip
_f20
_gy-gencatlg
942 _2ddc
_cBK
_n0
999 _c2764
_d2764